| 000 | 00798cas a22002417a 4500 | ||
|---|---|---|---|
| 005 | 20220329142322.0 | ||
| 008 | 000621 us z p rnn 0 b1spa d | ||
| 010 | _a81641 | ||
| 011 | _a82613 | ||
| 035 | _a93112 | ||
| 245 | 0 | 0 | _aCarta Informativa. ONTA (Organización de Nematólogos de los Trópicos Americanos) |
| 260 | 0 |
_aLima, Perú : _bCentro Internacional de la Papa, _c19- |
|
| 300 | _av. | ||
| 310 | _aIrregular | ||
| 362 | _av.16 n.2, 1984 | ||
| 590 |
_aBATCH-UPD _b10 _c20130110 _lUCH01 _h0708 |
||
| 590 |
_aBATCH-UPD _b10 _c20130410 _lUCH01 _h0354 |
||
| 590 |
_aBATCH-UPD _b10 _c20130914 _lUCH01 _h1838 |
||
| 590 |
_aCONVERSION _b10 _c20130109 _lUCH01 _h1345 |
||
| 650 | 1 | 4 |
_aNemátodos parásitos de plantas _xPublicaciones periódicas. _980838 |
| 901 | _aSE | ||
| 905 | _aLilia Sánchez G. | ||
| 999 |
_c81641 _d81641 |
||